000 00614nam a2200181 a 4500
008 120416s1972 ||||||||||||||||| || u
050 _aHC 244 Soc
100 _aNuti, D. M
245 1 0 _aSocialist economics
_cedited by Alec Nove
246 _aselected readings
260 _aHamondsworth, U.K.
_bPenguin
_c1972
300 _a526p. : ill.
350 _a0.00
650 0 _aECONOMICS
650 _aECONOMICS--SOCIOLOGICAL ASPECTS
700 _aNove, Alec
995 _D0.00
_FCBU-MAIN LIBRARY (Kitwe)
_H1
_I0.00
_M1
_UAVAILABLE
_ZAnnex Low-Usage Collection
999 _c57770
_d57770